LEADER 00989nam0-22003251i-450- 001 990003800470403321 005 20001010 010 $a0-202-01190-9 035 $a000380047 035 $aFED01000380047 035 $a(Aleph)000380047FED01 035 $a000380047 100 $a20001010d--------km-y0itay50------ba 101 0 $aita 105 $ay-------001yy 200 1 $a<>Ritual Process$eStructure and Anti- Structure$fVictor Turner$gwith a foreword by Roger D. Abrahams 210 $aNew York$cAldine De Gruyter$dc1995 (1. ed. - Chicago$cAldine$d1969) 215 $axviii, 213 p.$cfig.$d21 cm 300 $a- Contiene bibl. e indice analitico. 610 0 $aRITO$aStudi antropologici 676 $a306.4 700 1$aTurner,$bVictor$f<1920-1983>$0143438 801 0$aIT$bUNINA$gRICA$2UNIMARC 901 $aBK 912 $a990003800470403321 952 $a306.4 TUR 1$b6788$fBFS 959 $aBFS 996 $aRitual Process$9505723 997 $aUNINA DB $aING01 LEADER 02031oam 2200481z- 450 001 9910135091403321 005 20241212220936.0 010 $a9781479942190 010 $a1479942197 035 $a(CKB)3780000000082365 035 $a(EXLCZ)993780000000082365 100 $a20220628c2014uuuu -u- - 101 0 $aeng 200 10$a2014 9th International Symposium on Chinese Spoken Language Processing (ISCSLP 2014) $e12-14 September 2014, Singapore /$fedited by Minghui Dong, Jianhua Tao, Haizhou LI, Thomas Fang Zheng and Yanfeng Lu 210 $cIEEE 311 08$a9781479942183 311 08$a1479942189 517 $aThe 9th International Symposium on Chinese Spoken Language Processing 517 $aChinese Spoken Language Processing 606 $aChinese language$xMachine translating$vCongresses 606 $aChinese language$xSpoken Chinese$vCongresses 606 $aChinese language$xTechnical Chinese$vCongresses 606 $aSpeech processing systems$vCongresses 606 $aAutomatic speech recognition$vCongresses 615 0$aChinese language$xMachine translating 615 0$aChinese language$xSpoken Chinese 615 0$aChinese language$xTechnical Chinese 615 0$aSpeech processing systems 615 0$aAutomatic speech recognition 676 $a495.10285 702 $aDong$b Minghui$f1955- 702 $aTao$b Jianhua 702 $aLi$b Haizhou 702 $aZheng$b Thomas Fang 702 $aLu$b Yanfeng 712 02$aChinese and Oriental Languages Information Processing Society, 712 02$aInternational Speech Communication Association.$bSpecial Interest Group on Chinese Spoken Language Processing. 712 02$aInstitute of Electrical and Electronics Engineers. 712 02$aInternational Speech Communication Association.$bConference$d(15th :$f2014 :$eSingapore), 906 $aPROCEEDING 912 $a9910135091403321 996 $a2014 9th International Symposium on Chinese Spoken Language Processing (ISCSLP 2014)$92888006 997 $aUNINA LEADER 01575nam 22004935u 450 001 9910158695003321 005 20211006145029.0 010 $a9783318042191 010 $a3318042196 035 $a(CKB)3780000000101582 035 $a(OCoLC)968631041 035 $a(SZ-BaSKA)217347 035 $a(MiAaPQ)EBC31867183 035 $a(Au-PeEL)EBL31867183 035 $a(EXLCZ)993780000000101582 100 $a20211006d1980 uy 0 101 0 $aeng 135 $aurunu||||| 181 $ctxt$2rdacontent 182 $cc$2rdamedia 183 $acr$2rdacarrier 200 10$aHuman Nutrition and Nutrition and Pesticides in Cattle / $f editor, G.H. Bourne 205 $a1st ed. 210 $aBasel : $cS. Karger, $d1980 215 $a1 online resource (X + 338 pages) : $c 35 figures, 36 tables 225 1 $aIssn Series 311 08$a9783805504423 311 08$a380550442X 327 $a978-3-8055-0442-3_Cover -- 978-3-8055-0442-3_00I -- 978-3-8055-0442-3_001 -- 978-3-8055-0442-3_087 -- 978-3-8055-0442-3_096 -- 978-3-8055-0442-3_129 -- 978-3-8055-0442-3_172 -- 978-3-8055-0442-3_236. 410 0$aIssn Series 606 $aNutrition 606 $aMetabolism 615 14$aNutrition 615 14$aMetabolism 676 $a612.3 s 676 $a613.2 700 $aBourne$b G.H 701 $aBourne$b Geoffrey H$g(Geoffrey Howard),$f1909-1988.$063248 801 0$bUKSKG 801 1$bUKSKG 906 $aBOOK 912 $a9910158695003321 996 $aHuman Nutrition and Nutrition and Pesticides in Cattle$92858881 997 $aUNINA